00662nam a2200217Ia 4500008004100000040001400041082002000055100001800075245004900093250001000142260003700152300002000189365002700209366000800236505001000244530003000254620004800284630004900332650001400381730004900395100315s9999 xx 000 0 und d cENGLISH  b8836 a332.1  a"Sen, S. N. " aCentral Banking in Undeveloped Money Markets a4th  aCALCUTTA bBook Land  c1967  a"viii, 267p  " eRupees d1 b20.00  f0  gDBH  bDonated By RBI Library   a"open Market operations, Credit Control, " aCentral Banking in Undeveloped Money Markets aBANKING  aCentral Banking in Undeveloped Money Markets